000 01478cam a22003857a 4500
003 CHAP
005 20220329142557.0
008 010920d2001 mx r 00110 spa d
010 _a85200
011 _a86172
035 _a96710
040 _cCHAP
090 _aTesis
100 0 0 _aMartínez Soriano, Laura.
_972542
245 1 0 _aIdentificacion y cuantificación de la proteína de choque calórico (Hsp70) en seis genotipos caprinos durante cuatro épocas del año
_c/por Laura Martínez Soriano
260 _aChapingo, Méx. :
_bEl autor,
_c2001.
300 _a53 h.
502 _aTesis(Ing. Agr. en Sistemas Pecuarios de Zonas Aridas) -- UACH. Unidad Regional Universitaria de Zonas Aridas
590 _aALEPH
_b10
_c20130110
_lUCH01
_h1445
590 _aBATCH-UPD
_b10
_c20130109
_lUCH01
_h2359
590 _aBATCH-UPD
_b10
_c20130110
_lUCH01
_h0634
590 _aBATCH-UPD
_b10
_c20130409
_lUCH01
_h1933
590 _aBATCH-UPD
_b10
_c20130410
_lUCH01
_h0317
590 _aBATCH-UPD
_b10
_c20130914
_lUCH01
_h1508
590 _aCONVERSION
_b10
_c20130109
_lUCH01
_h1347
650 1 4 _aGanado cabrío
_xEfecto del medio ambiente.
_945006
650 1 4 _aGanado cabrío
_xGenética.
_945013
650 1 4 _aProteínas.
_992446
650 1 4 _aStress
_xEfecto en animales.
_9109990
901 _aBK
905 _aAlejandra Carrasco M.
942 _cFOLL
949 _aTesis
_bBC
_cTES
_d33724000860110
_eTS2
_fc.2
_h38978
_i96710
_sb
949 _aTesis
_bBC
_cTES
_d967101
_eTS1
_h38977
_i96710
_sb
999 _c85200
_d85200